| 000 | 00736nam a2200241Ia 4500 | ||
|---|---|---|---|
| 003 | OSt | ||
| 005 | 20220925221709.0 | ||
| 006 | a|||||r|||| 00| 0 | ||
| 007 | ta | ||
| 008 | 220923b |||||||| |||| 00| 0 eng d | ||
| 020 |
_a0262192195 _c _4600 |
||
| 037 |
_b33810, 25/09/1987, IBD _cGeneral Book |
||
| 040 |
_aRTL _cRTL _beng |
||
| 041 |
_2eng _aeng |
||
| 082 | _aE:(B2892), M2.2/TD3 | ||
| 100 |
_aShubik Martin _9139159 |
||
| 245 | 0 | _aGame theory in the social sciences. 2V | |
| 260 |
_aLondon _bMIT Press _c1982 |
||
| 300 |
_a514p.. _ccm. |
||
| 490 | _vV1: Concepts and solutions. 514p | ||
| 942 |
_hE:(B2892), M2.2/TD3 _cGB _2CC |
||
| 999 |
_c575093 _d575093 |
||